| LEADER | 02157nam a2200289 4500 | ||
|---|---|---|---|
| 999 | |c 10986 |d 10986 | ||
| 082 | |a 372.357 |b NG527TR | ||
| 100 | |a Nguyễn Trại | ||
| 245 | |a Thiết kế bài giảng Tự nhiên và Xã hội 3 |c Nguyễn Trại, Đinh Trang Thu, Nguyễn Cẩm Hường |n Tập 1 | ||
| 260 | |a H. |b Nxb Hà Nội |c 2004 | ||
| 300 | |a 168 tr. |c 24 cm. | ||
| 520 | |a v.v... | ||
| 653 | |a Giáo dục tiểu học | ||
| 653 | |a Tự nhiên | ||
| 653 | |a Xã hội | ||
| 653 | |a Bài giảng | ||
| 653 | |a Lớp 2 | ||
| 942 | |2 ddc |c STK0 | ||
| 952 | |0 0 |1 0 |2 ddc |4 0 |6 372_357000000000000_NG527TR |7 0 |8 300 |9 94580 |a qbu |b qbu |c D2 |d 2015-09-29 |g 16000 |l 2 |o 372.357 NG527TR |p 10945.c1 |r 2020-11-25 |s 2020-11-23 |w 2015-09-29 |y STK0 | ||
| 952 | |0 0 |1 0 |2 ddc |4 0 |6 372_357000000000000_NG527TR |7 0 |8 300 |9 94589 |a qbu |b qbu |c D2 |d 2015-09-29 |g 16000 |l 13 |m 3 |o 372.357 NG527TR |p 10945.c2 |r 2021-03-22 |s 2021-02-23 |w 2015-09-29 |y STK0 | ||
| 952 | |0 0 |1 0 |2 ddc |4 0 |6 372_357000000000000_NG527TR |7 0 |8 300 |9 94590 |a qbu |b qbu |c D2 |d 2015-09-29 |g 16000 |l 15 |m 2 |o 372.357 NG527TR |p 10945.c3 |r 2018-01-08 |s 2018-01-05 |w 2015-09-29 |y STK0 | ||
| 952 | |0 0 |1 0 |2 ddc |4 0 |6 372_357000000000000_NG527TR |7 0 |8 300 |9 94591 |a qbu |b qbu |c D2 |d 2015-09-29 |g 16000 |l 15 |m 2 |o 372.357 NG527TR |p 10945.c4 |r 2018-05-23 |s 2018-05-18 |w 2015-09-29 |y STK0 | ||
| 952 | |0 0 |1 0 |2 ddc |4 0 |6 372_357000000000000_NG527TR |7 0 |8 300 |9 94592 |a qbu |b qbu |c D2 |d 2015-09-29 |g 16000 |l 8 |m 1 |o 372.357 NG527TR |p 10945.c5 |r 2019-10-11 |s 2019-10-10 |w 2015-09-29 |y STK0 | ||
| 952 | |0 0 |1 0 |2 ddc |4 0 |6 372_357000000000000_NG527TR |7 0 |8 300 |9 94593 |a qbu |b qbu |c D2 |d 2015-09-29 |g 16000 |l 18 |m 2 |o 372.357 NG527TR |p 10945.c6 |r 2018-02-09 |s 2018-01-31 |w 2015-09-29 |y STK0 | ||
| 952 | |0 0 |1 0 |2 ddc |4 0 |6 372_357000000000000_NG527TR |7 0 |8 300 |9 94594 |a qbu |b qbu |c D2 |d 2015-09-29 |g 16000 |l 12 |o 372.357 NG527TR |p 10945.c7 |r 2017-12-15 |s 2017-12-07 |w 2015-09-29 |y STK0 | ||
| 952 | |0 0 |1 0 |2 ddc |4 0 |6 372_357000000000000_NG527TR |7 0 |8 300 |9 94595 |a qbu |b qbu |c D2 |d 2015-09-29 |g 16000 |l 11 |m 1 |o 372.357 NG527TR |p 10945.c8 |r 2017-12-14 |s 2017-11-30 |w 2015-09-29 |y STK0 | ||
| 952 | |0 0 |1 0 |2 ddc |4 0 |6 372_357000000000000_NG527TR |7 0 |8 300 |9 94596 |a qbu |b qbu |c D2 |d 2015-09-29 |g 16000 |l 15 |m 1 |o 372.357 NG527TR |p 10945.c9 |r 2018-03-13 |s 2018-03-09 |w 2015-09-29 |y STK0 | ||